Stati per minore Età mediana - Africa - Statistics

Statistiche generali
  • Questo quiz è stato fatto 4 volte
  • Il punteggio medio è 8 su 10
Statistiche sulle risposte
Età mediana (anni) Nazione % Corretto
16,1 Mali
100%
17,0 Mozambico
100%
14,8 Niger
100%
15,9 Angola
75%
16,1 Ciad
75%
16,9 Malawi
75%
16,7 Repubblica Democratica del Congo
75%
15,7 Uganda
75%
16,9 Zambia
75%
17,0 Benin
50%
Nessun quiz corrispondente trovato
Distribuzione punteggi
Percentuale di utenti per punteggio
Percentile per numero di risposta
I tuoi punteggi nel tempo
Non hai fatto questo quiz